| 000 | 00877nam a22003370a 4500 | ||
|---|---|---|---|
| 001 | PT29333 | ||
| 003 | AR-LpoUNG | ||
| 005 | 20210131233511.0 | ||
| 008 | 191001s1980||||ag |||||||||||||||||spa d | ||
| 040 |
_aAR-LpoUNG _bspa _cAR-LpoUNG _eaacr |
||
| 041 | _aspa | ||
| 044 | _aag | ||
| 082 | 0 | _a982.064 454cro | |
| 100 | 1 |
_aAlonso Piñeiro, Armando _epról. |
|
| 245 | 1 | 0 | _aCrónica de la subversión en la Argentina |
| 250 | _a1§ edición | ||
| 260 |
_aBuenos Aires : _bDepalma, _c1980. |
||
| 300 |
_axi, 173 p. : _btbls., gráfs. |
||
| 650 | 4 | _aANALISIS HISTORICO | |
| 650 | 4 | _aARGENTINA | |
| 650 | 4 | _aASPECTOS JURIDICOS | |
| 650 | 4 | _aASPECTOS POLITICOS | |
| 650 | 4 | _aDERECHOS HUMANOS | |
| 650 | 4 | _aIDEOLOGIAS POLITICAS | |
| 650 | 4 | _aSOCIEDAD | |
| 650 | 4 | _aTERRORISMO | |
| 650 | 4 | _aVIOLENCIA | |
| 651 | 4 | _aArgentina | |
| 905 | _a29333 | ||
| 942 | _cLIB | ||
| 999 |
_c20974 _d20974 |
||